[Event "ROM-ch U12"]
[Site "Baile Felix"]
[Date "2017.02.08"]
[Round "8"]
[White "Iorgoveanu, Constantin"]
[Black "Miculit, Vlad Cristian"]
[Result "0-1"]
[WhiteElo "1001"]
[BlackElo "1431"]
[PlyCount "100"]
[EventDate "2017.02.02"]
[EventType "swiss"]
[EventRounds "9"]
[EventCountry "ROU"]
[SourceTitle "CBM 176 Extra"]
[Source "ChessBase"]
[SourceDate "2017.03.02"]
[SourceVersion "1"]
[SourceVersionDate "2017.03.02"]
[SourceQuality "1"]

1. e4 e5 2. Nf3 Nc6 3. Bc4 h6 4. Nc3 Nf6 5. 0-0 Bb4 6. d3 0-0 7. Nh4 Nxe4 8. Nf5 Nxc3 9. Qg4 Qf6 10. Bxh6 Ne2+ 11. Kh1 g6 12. Bxf8 Bxf8 13. Ne3 Ned4 14. c3 d6 15. Nd5 Qe6 16. Qxe6 Nxe6 17. Nf6+ Kg7 18. Ne8+ Kh8 19. Bxe6 Bxe6 20. Nxc7 Rc8 21. Nxe6 fxe6 22. h4 Bh6 23. g4 Bf4 24. f3 Kg7 25. Rae1 Rh8 26. h5 gxh5 27. gxh5 Rxh5+ 28. Kg2 Rh2+ 29. Kg1 Rxb2 30. Rf2 Rb5 31. Rg2+ Kf7 32. Kh1 Ra5 33. Reg1 Kf6 34. Rg6+ Kf5 35. Rg8 Kf6 36. Rf8+ Ke7 37. Rgg8 Rxa2 38. Re8+ Kd7 39. Rgf8 Kc7 40. d4 Kb6 41. Rf7 Ra3 42. Rg8 Rb3 43. c4 Rb2 44. Rg2 Rxg2 45. Kxg2 Nxd4 46. Kf2 Kc5 47. Rxb7 Kxc4 48. Rxa7 Kb5 49. Rd7 Kc6 50. Rf7 d5 0-1

[Event "ROM-ch U12"]
[Site "Baile Felix"]
[Date "2017.02.06"]
[Round "6"]
[White "Miculit, Vlad Cristian"]
[Black "Oltean, Cristian Daniel"]
[Result "0-1"]
[WhiteElo "1431"]
[BlackElo "1235"]
[PlyCount "40"]
[EventDate "2017.02.02"]
[EventType "swiss"]
[EventRounds "9"]
[EventCountry "ROU"]
[SourceTitle "CBM 176 Extra"]
[Source "ChessBase"]
[SourceDate "2017.03.02"]
[SourceVersion "1"]
[SourceVersionDate "2017.03.02"]
[SourceQuality "1"]

1. e4 e5 2. Nf3 Nc6 3. Nc3 Be7 4. Bc4 Nf6 5. d3 d6 6. h3 0-0 7. 0-0 h6 8. Be3 Nh7 9. Nd5 Nf6 10. Nxe7+ Qxe7 11. Qd2 Nh7 12. Rfe1 Kh8 13. Rad1 f5 14. Qc3 fxe4 15. dxe4 Bxh3 16. Bb5 Qe8 17. Bxh6 gxh6 18. gxh3 Qh5 19. Kg2 Rxf3 20. Qd2 Qxh3+ 0-1